[Event "DEM U10 2025"]
[Site "Willingen GER"]
[Date "2025.06.11"]
[Round "5"]
[White "Ranganathan, Aadith"]
[Black "Müller, Konstantin"]
[Result "1/2-1/2"]
[Termination "normal"]
[Board "1"]
[WhiteElo "1824"]
[BlackElo "1998"]
[WhiteClock "01:13:39"]
[BlackClock "00:45:39"]
[PlyCount "63"]
[WhiteFideId "34667121"]
[BlackFideId "34661778"]
[EventCountry "GER"]
[EventRounds "9"]
[EventType "swiss"]
[EventDate "2025.06.07"]

1. e4 {[%clk 01:30:56]} {[%emt 00:00:03]} c5 {[%clk 01:30:57]} {[%emt
00:00:03]} 2. Nf3 {[%clk 01:31:21]} {[%emt 00:00:05]} e6 {[%clk 01:31:22]}
{[%emt 00:00:05]} 3. c3 {[%clk 01:31:47]} {[%emt 00:00:04]} Nf6 {[%clk
01:31:47]} {[%emt 00:00:05]} 4. Bd3 {[%clk 01:32:13]} {[%emt 00:00:05]} d5
{[%clk 01:31:52]} {[%emt 00:00:25]} 5. e5 {[%clk 01:32:34]} {[%emt 00:00:09]}
Nfd7 {[%clk 01:32:12]} {[%emt 00:00:10]} 6. Bc2 {[%clk 01:32:56]} {[%emt
00:00:08]} d4 {[%clk 01:32:12]} {[%emt 00:00:30]} 7. O-O {[%clk 01:32:30]}
{[%emt 00:00:56]} Nc6 {[%clk 01:32:21]} {[%emt 00:00:21]} 8. Re1 {[%clk
01:32:49]} {[%emt 00:00:11]} Be7 {[%clk 01:31:50]} {[%emt 00:01:01]} 9. b3
{[%clk 01:31:29]} {[%emt 00:01:50]} d3 {[%clk 01:25:26]} {[%emt 00:06:54]} 10.
Bxd3 {[%clk 01:31:48]} {[%emt 00:00:11]} Ndxe5 {[%clk 01:25:47]} {[%emt
00:00:09]} 11. Nxe5 {[%clk 01:31:57]} {[%emt 00:00:21]} Nxe5 {[%clk 01:26:12]}
{[%emt 00:00:05]} 12. Bc2 {[%clk 01:31:42]} {[%emt 00:00:44]} Nd3 {[%clk
01:22:25]} {[%emt 00:04:17]} 13. Bxd3 {[%clk 01:30:14]} {[%emt 00:01:58]} Qxd3
{[%clk 01:22:49]} {[%emt 00:00:06]} 14. Bb2 {[%clk 01:30:06]} {[%emt 00:00:38]}
Bf6 {[%clk 01:22:44]} {[%emt 00:00:36]} 15. a4 {[%clk 01:27:55]} {[%emt
00:02:42]} O-O {[%clk 01:19:30]} {[%emt 00:03:42]} 16. Na3 {[%clk 01:27:27]}
{[%emt 00:00:58]} b6 {[%clk 01:19:17]} {[%emt 00:00:43]} 17. Nc4 {[%clk
01:25:44]} {[%emt 00:02:13]} Rd8 {[%clk 01:17:41]} {[%emt 00:02:06]} 18. a5
{[%clk 01:19:42]} {[%emt 00:06:33]} b5 {[%clk 01:09:19]} {[%emt 00:08:52]} 19.
Ne5 {[%clk 01:16:29]} {[%emt 00:03:42]} Qxd2 {[%clk 01:08:36]} {[%emt
00:01:14]} 20. Qf3 {[%clk 01:15:53]} {[%emt 00:01:06]} Qxb2 {[%clk 01:08:43]}
{[%emt 00:00:23]} 21. Qxa8 {[%clk 01:16:14]} {[%emt 00:00:08]} Bxe5 {[%clk
01:08:57]} {[%emt 00:00:16]} 22. Rad1 {[%clk 01:16:38]} {[%emt 00:00:06]} Rf8
{[%clk 00:51:35]} {[%emt 00:17:52]} 23. Rxe5 {[%clk 01:16:54]} {[%emt
00:00:14]} Qxc3 {[%clk 00:50:19]} {[%emt 00:01:47]} 24. Ree1 {[%clk 01:17:06]}
{[%emt 00:00:17]} Qxa5 {[%clk 00:50:35]} {[%emt 00:00:15]} 25. Ra1 {[%clk
01:17:31]} {[%emt 00:00:05]} Qb4 {[%clk 00:45:18]} {[%emt 00:05:45]} 26. Qxa7
{[%clk 01:13:56]} {[%emt 00:04:07]} Qxb3 {[%clk 00:45:28]} {[%emt 00:00:19]}
27. Qxc5 {[%clk 01:14:19]} {[%emt 00:00:07]} Qd5 {[%clk 00:45:47]} {[%emt
00:00:11]} 28. Qxd5 {[%clk 01:12:37]} {[%emt 00:02:12]} exd5 {[%clk 00:46:10]}
{[%emt 00:00:07]} 29. Red1 {[%clk 01:12:59]} {[%emt 00:00:08]} Be6 {[%clk
00:46:22]} {[%emt 00:00:18]} 30. Rdb1 {[%clk 01:13:03]} {[%emt 00:00:27]} g6
{[%clk 00:45:45]} {[%emt 00:01:06]} 31. Rxb5 {[%clk 01:13:25]} {[%emt
00:00:08]} Kg7 {[%clk 00:45:39]} {[%emt 00:00:36]} 32. f3 {[%clk 01:13:39]}
{[%emt 00:00:16]} 1/2-1/2

[Event "DEM U10 2025"]
[Site "Willingen GER"]
[Date "2025.06.11"]
[Round "5"]
[White "Kutlar, Aras"]
[Black "Sander, Tino"]
[Result "1-0"]
[Termination "normal"]
[Board "2"]
[WhiteElo "1835"]
[BlackElo "1800"]
[WhiteClock "01:13:26"]
[BlackClock "00:20:49"]
[PlyCount "98"]
[WhiteFideId "51682117"]
[BlackFideId "34636110"]
[EventCountry "GER"]
[EventRounds "9"]
[EventType "swiss"]
[EventDate "2025.06.07"]

1. e4 {[%clk 01:30:50]} {[%emt 00:00:09]} e5 {[%clk 01:30:52]} {[%emt
00:00:09]} 2. Nf3 {[%clk 01:31:10]} {[%emt 00:00:09]} Nc6 {[%clk 01:31:15]}
{[%emt 00:00:07]} 3. d4 {[%clk 01:31:34]} {[%emt 00:00:06]} exd4 {[%clk
01:31:37]} {[%emt 00:00:08]} 4. Nxd4 {[%clk 01:31:57]} {[%emt 00:00:07]} Nf6
{[%clk 01:31:54]} {[%emt 00:00:14]} 5. Nxc6 {[%clk 01:31:59]} {[%emt 00:00:27]}
bxc6 {[%clk 01:32:23]} {[%emt 00:00:02]} 6. e5 {[%clk 01:32:04]} {[%emt
00:00:25]} Qe7 {[%clk 01:32:41]} {[%emt 00:00:11]} 7. Qe2 {[%clk 01:32:23]}
{[%emt 00:00:11]} Nd5 {[%clk 01:33:02]} {[%emt 00:00:10]} 8. c4 {[%clk
01:32:34]} {[%emt 00:00:18]} Ba6 {[%clk 01:33:26]} {[%emt 00:00:06]} 9. b3
{[%clk 01:32:52]} {[%emt 00:00:12]} g6 {[%clk 01:33:42]} {[%emt 00:00:14]} 10.
Ba3 {[%clk 01:33:03]} {[%emt 00:00:19]} Nb4 {[%clk 01:33:36]} {[%emt 00:00:37]}
11. Bb2 {[%clk 01:33:12]} {[%emt 00:00:21]} Bg7 {[%clk 01:32:20]} {[%emt
00:01:45]} 12. a3 {[%clk 01:33:13]} {[%emt 00:00:29]} Nd5 {[%clk 01:32:42]}
{[%emt 00:00:08]} 13. Nd2 {[%clk 01:33:10]} {[%emt 00:00:33]} O-O {[%clk
01:32:33]} {[%emt 00:00:40]} 14. O-O-O {[%clk 01:33:18]} {[%emt 00:00:21]} Rfe8
{[%clk 01:30:53]} {[%emt 00:02:10]} 15. Qf3 {[%clk 01:33:27]} {[%emt 00:00:20]}
Nb6 {[%clk 01:30:30]} {[%emt 00:00:53]} 16. Ne4 {[%clk 01:33:33]} {[%emt
00:00:25]} d5 {[%clk 01:16:02]} {[%emt 00:14:58]} 17. cxd5 {[%clk 01:26:25]}
{[%emt 00:07:38]} Bxf1 {[%clk 01:14:35]} {[%emt 00:01:57]} 18. Rhxf1 {[%clk
01:26:05]} {[%emt 00:00:50]} cxd5 {[%clk 01:13:57]} {[%emt 00:01:09]} 19. Nf6+
{[%clk 01:26:00]} {[%emt 00:00:35]} Bxf6 {[%clk 01:14:07]} {[%emt 00:00:18]}
20. exf6 {[%clk 01:25:41]} {[%emt 00:00:51]} Qe4 {[%clk 01:13:22]} {[%emt
00:01:15]} 21. Qh3 {[%clk 01:24:31]} {[%emt 00:01:38]} Qf4+ {[%clk 01:12:50]}
{[%emt 00:01:02]} 22. Kb1 {[%clk 01:23:24]} {[%emt 00:01:39]} Qf5+ {[%clk
00:51:55]} {[%emt 00:21:24]} 23. Qxf5 {[%clk 01:23:40]} {[%emt 00:00:13]} gxf5
{[%clk 00:52:24]} {[%emt 00:00:02]} 24. Rfe1 {[%clk 01:23:30]} {[%emt
00:00:40]} Re6 {[%clk 00:51:24]} {[%emt 00:01:29]} 25. Rxe6 {[%clk 01:22:30]}
{[%emt 00:01:31]} fxe6 {[%clk 00:51:42]} {[%emt 00:00:13]} 26. Be5 {[%clk
01:19:55]} {[%emt 00:03:04]} c5 {[%clk 00:50:58]} {[%emt 00:01:14]} 27. Rd3
{[%clk 01:19:09]} {[%emt 00:01:15]} Kf7 {[%clk 00:50:40]} {[%emt 00:00:49]} 28.
Rh3 {[%clk 01:17:05]} {[%emt 00:02:33]} Rh8 {[%clk 00:50:31]} {[%emt 00:00:40]}
29. Rh6 {[%clk 01:12:40]} {[%emt 00:04:55]} Nd7 {[%clk 00:46:55]} {[%emt
00:04:05]} 30. f4 {[%clk 01:11:05]} {[%emt 00:02:05]} Nf8 {[%clk 00:35:18]}
{[%emt 00:12:07]} 31. Bd6 {[%clk 01:09:41]} {[%emt 00:01:54]} Nd7 {[%clk
00:24:26]} {[%emt 00:11:22]} 32. h3 {[%clk 01:08:40]} {[%emt 00:01:31]} Nxf6
{[%clk 00:17:13]} {[%emt 00:07:45]} 33. Rxf6+ {[%clk 01:08:49]} {[%emt
00:00:22]} Kxf6 {[%clk 00:17:30]} {[%emt 00:00:13]} 34. Be5+ {[%clk 01:09:13]}
{[%emt 00:00:06]} Ke7 {[%clk 00:17:07]} {[%emt 00:00:54]} 35. Bxh8 {[%clk
01:09:35]} {[%emt 00:00:07]} d4 {[%clk 00:17:16]} {[%emt 00:00:21]} 36. Kc2
{[%clk 01:09:47]} {[%emt 00:00:18]} Kd6 {[%clk 00:17:40]} {[%emt 00:00:06]} 37.
Kd3 {[%clk 01:10:05]} {[%emt 00:00:12]} Kd5 {[%clk 00:18:04]} {[%emt 00:00:06]}
38. g4 {[%clk 01:10:22]} {[%emt 00:00:12]} a5 {[%clk 00:18:08]} {[%emt
00:00:27]} 39. a4 {[%clk 01:10:40]} {[%emt 00:00:12]} fxg4 {[%clk 00:18:27]}
{[%emt 00:00:10]} 40. hxg4 {[%clk 01:10:58]} {[%emt 00:00:12]} Kd6 {[%clk
00:18:28]} {[%emt 00:00:30]} 41. Ke4 {[%clk 01:11:19]} {[%emt 00:00:09]} Ke7
{[%clk 00:18:46]} {[%emt 00:00:11]} 42. Be5 {[%clk 01:11:20]} {[%emt 00:00:30]}
Kf7 {[%clk 00:18:58]} {[%emt 00:00:18]} 43. Bc7 {[%clk 01:11:44]} {[%emt
00:00:07]} Kg6 {[%clk 00:18:48]} {[%emt 00:00:39]} 44. Bxa5 {[%clk 01:12:07]}
{[%emt 00:00:06]} h6 {[%clk 00:19:00]} {[%emt 00:00:19]} 45. Bb6 {[%clk
01:12:12]} {[%emt 00:00:24]} c4 {[%clk 00:19:16]} {[%emt 00:00:15]} 46. bxc4
{[%clk 01:12:22]} {[%emt 00:00:20]} h5 {[%clk 00:19:35]} {[%emt 00:00:11]} 47.
gxh5+ {[%clk 01:12:41]} {[%emt 00:00:10]} Kxh5 {[%clk 00:19:59]} {[%emt
00:00:07]} 48. a5 {[%clk 01:13:04]} {[%emt 00:00:07]} d3 {[%clk 00:20:23]}
{[%emt 00:00:06]} 49. Kxd3 {[%clk 01:13:26]} {[%emt 00:00:07]} Kg4 {[%clk
00:20:49]} {[%emt 00:00:05]} 1-0

[Event "DEM U10 2025"]
[Site "Willingen GER"]
[Date "2025.06.11"]
[Round "5"]
[White "Alloussi, Arian"]
[Black "Schmidt, Jan"]
[Result "0-1"]
[Termination "normal"]
[Board "3"]
[WhiteElo "1851"]
[BlackElo "1732"]
[WhiteClock "00:05:38"]
[BlackClock "00:25:42"]
[PlyCount "158"]
[WhiteFideId "34637788"]
[BlackFideId "34625682"]
[EventCountry "GER"]
[EventRounds "9"]
[EventType "swiss"]
[EventDate "2025.06.07"]

1. e4 {[%clk 01:30:58]} {[%emt 00:00:01]} c6 {[%clk 01:30:53]} {[%emt
00:00:08]} 2. Nf3 {[%clk 01:31:24]} {[%emt 00:00:04]} d5 {[%clk 01:31:11]}
{[%emt 00:00:11]} 3. exd5 {[%clk 01:31:46]} {[%emt 00:00:09]} cxd5 {[%clk
01:31:31]} {[%emt 00:00:09]} 4. Ne5 {[%clk 01:32:10]} {[%emt 00:00:07]} Nc6
{[%clk 01:31:49]} {[%emt 00:00:13]} 5. Bb5 {[%clk 01:32:32]} {[%emt 00:00:07]}
Bd7 {[%clk 01:32:06]} {[%emt 00:00:14]} 6. Nxd7 {[%clk 01:32:53]} {[%emt
00:00:08]} Qxd7 {[%clk 01:32:22]} {[%emt 00:00:14]} 7. d4 {[%clk 01:33:14]}
{[%emt 00:00:09]} e6 {[%clk 01:31:37]} {[%emt 00:01:15]} 8. c3 {[%clk
01:33:09]} {[%emt 00:00:35]} Nf6 {[%clk 01:31:10]} {[%emt 00:00:57]} 9. Bf4
{[%clk 01:33:01]} {[%emt 00:00:37]} Bd6 {[%clk 01:30:45]} {[%emt 00:00:54]} 10.
Bxd6 {[%clk 01:31:53]} {[%emt 00:01:39]} Qxd6 {[%clk 01:30:51]} {[%emt
00:00:25]} 11. O-O {[%clk 01:31:22]} {[%emt 00:01:00]} O-O {[%clk 01:26:47]}
{[%emt 00:04:35]} 12. Nd2 {[%clk 01:30:10]} {[%emt 00:01:42]} a6 {[%clk
01:24:48]} {[%emt 00:02:29]} 13. Bd3 {[%clk 01:28:06]} {[%emt 00:02:33]} b5
{[%clk 01:16:03]} {[%emt 00:09:17]} 14. a3 {[%clk 01:25:22]} {[%emt 00:03:14]}
Rab8 {[%clk 01:11:49]} {[%emt 00:04:43]} 15. Qe2 {[%clk 01:21:55]} {[%emt
00:03:56]} Rfc8 {[%clk 01:07:06]} {[%emt 00:05:14]} 16. f4 {[%clk 01:18:17]}
{[%emt 00:04:09]} a5 {[%clk 01:06:17]} {[%emt 00:01:18]} 17. Nb3 {[%clk
01:04:33]} {[%emt 00:14:13]} b4 {[%clk 00:55:22]} {[%emt 00:11:26]} 18. axb4
{[%clk 01:01:32]} {[%emt 00:03:31]} axb4 {[%clk 00:55:19]} {[%emt 00:00:32]}
19. Nc5 {[%clk 01:00:45]} {[%emt 00:01:17]} bxc3 {[%clk 00:52:37]} {[%emt
00:03:13]} 20. bxc3 {[%clk 01:00:31]} {[%emt 00:00:43]} Re8 {[%clk 00:26:37]}
{[%emt 00:26:30]} 21. Bb5 {[%clk 00:52:51]} {[%emt 00:08:10]} Rb6 {[%clk
00:19:41]} {[%emt 00:07:29]} 22. Ra6 {[%clk 00:44:12]} {[%emt 00:09:09]} Reb8
{[%clk 00:18:35]} {[%emt 00:01:36]} 23. Rxb6 {[%clk 00:37:50]} {[%emt
00:06:52]} Rxb6 {[%clk 00:18:45]} {[%emt 00:00:19]} 24. f5 {[%clk 00:22:52]}
{[%emt 00:15:29]} exf5 {[%clk 00:11:56]} {[%emt 00:07:19]} 25. Rxf5 {[%clk
00:21:02]} {[%emt 00:02:20]} Qe7 {[%clk 00:11:43]} {[%emt 00:00:43]} 26. Qd3
{[%clk 00:15:14]} {[%emt 00:06:18]} Qd6 {[%clk 00:05:06]} {[%emt 00:07:07]} 27.
h3 {[%clk 00:08:45]} {[%emt 00:06:59]} Rb8 {[%clk 00:04:29]} {[%emt 00:01:07]}
28. Rf1 {[%clk 00:07:28]} {[%emt 00:01:47]} Re8 {[%clk 00:02:17]} {[%emt
00:02:42]} 29. Qf5 {[%clk 00:06:28]} {[%emt 00:01:30]} h6 {[%clk 00:01:39]}
{[%emt 00:01:09]} 30. Nd3 {[%clk 00:02:33]} {[%emt 00:04:24]} Rf8 {[%clk
00:01:04]} {[%emt 00:01:06]} 31. Kh1 {[%clk 00:02:04]} {[%emt 00:00:59]} Ne4
{[%clk 00:01:08]} {[%emt 00:00:25]} 32. Kg1 {[%clk 00:01:08]} {[%emt 00:01:25]}
Ng3 {[%clk 00:01:30]} {[%emt 00:00:08]} 33. Qf3 {[%clk 00:01:12]} {[%emt
00:00:25]} Nxf1 {[%clk 00:01:58]} {[%emt 00:00:03]} 34. Qxf1 {[%clk 00:01:34]}
{[%emt 00:00:08]} Ne7 {[%clk 00:01:23]} {[%emt 00:01:06]} 35. Nc5 {[%clk
00:01:04]} {[%emt 00:01:00]} Ng6 {[%clk 00:01:11]} {[%emt 00:00:42]} 36. Bd3
{[%clk 00:00:43]} {[%emt 00:00:51]} Nf4 {[%clk 00:00:57]} {[%emt 00:00:43]} 37.
Bb5 {[%clk 00:01:00]} {[%emt 00:00:13]} Ng6 {[%clk 00:00:48]} {[%emt 00:00:39]}
38. Bd3 {[%clk 00:01:04]} {[%emt 00:00:26]} Nf4 {[%clk 00:00:42]} {[%emt
00:00:37]} 39. Bb5 {[%clk 00:01:23]} {[%emt 00:00:10]} Ne6 {[%clk 00:00:50]}
{[%emt 00:00:22]} 40. Nd3 {[%clk 00:01:24]} {[%emt 00:00:30]} Rc8 {[%clk
00:00:44]} {[%emt 00:00:36]} 41. Ne5 {[%clk 00:01:20]} {[%emt 00:00:33]} f6
{[%clk 00:28:19]} {[%emt 00:02:55]} 42. Ng4 {[%clk 00:23:39]} {[%emt 00:08:10]}
Rxc3 {[%clk 00:25:48]} {[%emt 00:03:02]} 43. Nxf6+ {[%clk 00:17:17]} {[%emt
00:06:53]} gxf6 {[%clk 00:23:19]} {[%emt 00:02:59]} 44. Qxf6 {[%clk 00:17:20]}
{[%emt 00:00:26]} Rc1+ {[%clk 00:21:24]} {[%emt 00:02:25]} 45. Bf1 {[%clk
00:17:21]} {[%emt 00:00:29]} Rc7 {[%clk 00:21:04]} {[%emt 00:00:51]} 46. Qg6+
{[%clk 00:15:35]} {[%emt 00:02:15]} Rg7 {[%clk 00:21:07]} {[%emt 00:00:28]} 47.
Qe8+ {[%clk 00:15:04]} {[%emt 00:01:01]} Nf8 {[%clk 00:20:52]} {[%emt
00:00:45]} 48. Qh5 {[%clk 00:14:34]} {[%emt 00:00:59]} Qe6 {[%clk 00:20:26]}
{[%emt 00:00:57]} 49. Qf3 {[%clk 00:13:00]} {[%emt 00:02:03]} Nh7 {[%clk
00:18:55]} {[%emt 00:02:01]} 50. h4 {[%clk 00:10:54]} {[%emt 00:02:37]} Nf6
{[%clk 00:18:57]} {[%emt 00:00:27]} 51. Qf4 {[%clk 00:10:35]} {[%emt 00:00:50]}
Ne4 {[%clk 00:18:44]} {[%emt 00:00:43]} 52. h5 {[%clk 00:09:13]} {[%emt
00:01:52]} Qf7 {[%clk 00:17:59]} {[%emt 00:01:14]} 53. Qh4 {[%clk 00:06:23]}
{[%emt 00:03:20]} Qf6 {[%clk 00:17:57]} {[%emt 00:00:32]} 54. Qe1 {[%clk
00:05:02]} {[%emt 00:01:51]} Rf7 {[%clk 00:18:11]} {[%emt 00:00:16]} 55. Qe2
{[%clk 00:01:51]} {[%emt 00:03:42]} Qxf1+ {[%clk 00:18:13]} {[%emt 00:00:28]}
56. Qxf1 {[%clk 00:02:08]} {[%emt 00:00:12]} Rxf1+ {[%clk 00:18:40]} {[%emt
00:00:03]} 57. Kxf1 {[%clk 00:02:27]} {[%emt 00:00:11]} Ng3+ {[%clk 00:19:07]}
{[%emt 00:00:04]} 58. Kf2 {[%clk 00:02:45]} {[%emt 00:00:12]} Nxh5 {[%clk
00:19:32]} {[%emt 00:00:05]} 59. Kf3 {[%clk 00:03:06]} {[%emt 00:00:10]} Kf7
{[%clk 00:19:50]} {[%emt 00:00:11]} 60. Kg4 {[%clk 00:03:10]} {[%emt 00:00:25]}
Kg6 {[%clk 00:20:12]} {[%emt 00:00:08]} 61. Kf3 {[%clk 00:03:20]} {[%emt
00:00:21]} Kg5 {[%clk 00:20:21]} {[%emt 00:00:21]} 62. g3 {[%clk 00:03:26]}
{[%emt 00:00:23]} Nf6 {[%clk 00:20:41]} {[%emt 00:00:10]} 63. Kf2 {[%clk
00:03:23]} {[%emt 00:00:33]} Kg4 {[%clk 00:20:49]} {[%emt 00:00:23]} 64. Kg2
{[%clk 00:03:32]} {[%emt 00:00:21]} h5 {[%clk 00:21:15]} {[%emt 00:00:04]} 65.
Kh2 {[%clk 00:03:49]} {[%emt 00:00:12]} Kf3 {[%clk 00:21:36]} {[%emt 00:00:08]}
66. Kh3 {[%clk 00:03:52]} {[%emt 00:00:29]} Ke4 {[%clk 00:21:56]} {[%emt
00:00:10]} 67. Kh4 {[%clk 00:03:55]} {[%emt 00:00:26]} Kxd4 {[%clk 00:22:19]}
{[%emt 00:00:08]} 68. Kg5 {[%clk 00:04:11]} {[%emt 00:00:14]} Ke5 {[%clk
00:22:44]} {[%emt 00:00:05]} 69. Kh4 {[%clk 00:04:32]} {[%emt 00:00:08]} d4
{[%clk 00:23:05]} {[%emt 00:00:09]} 70. g4 {[%clk 00:04:40]} {[%emt 00:00:23]}
hxg4 {[%clk 00:23:24]} {[%emt 00:00:11]} 71. Kg3 {[%clk 00:04:52]} {[%emt
00:00:18]} d3 {[%clk 00:23:49]} {[%emt 00:00:05]} 72. Kf2 {[%clk 00:05:15]}
{[%emt 00:00:06]} g3+ {[%clk 00:24:13]} {[%emt 00:00:06]} 73. Kf3 {[%clk
00:05:06]} {[%emt 00:00:39]} d2 {[%clk 00:24:30]} {[%emt 00:00:13]} 74. Ke3
{[%clk 00:05:07]} {[%emt 00:00:29]} g2 {[%clk 00:24:01]} {[%emt 00:00:59]} 75.
Kf2 {[%clk 00:04:10]} {[%emt 00:01:28]} d1=Q {[%clk 00:24:12]} {[%emt
00:00:20]} 76. Kxg2 {[%clk 00:04:29]} {[%emt 00:00:09]} Qe2+ {[%clk 00:24:35]}
{[%emt 00:00:07]} 77. Kh1 {[%clk 00:04:50]} {[%emt 00:00:10]} Ng4 {[%clk
00:24:48]} {[%emt 00:00:17]} 78. Kg1 {[%clk 00:05:14]} {[%emt 00:00:06]} Qf2+
{[%clk 00:25:13]} {[%emt 00:00:05]} 79. Kh1 {[%clk 00:05:38]} {[%emt 00:00:05]}
Qh2# {[%clk 00:25:42]} {[%emt 00:00:02]} 0-1

[Event "DEM U10 2025"]
[Site "Willingen GER"]
[Date "2025.06.11"]
[Round "5"]
[White "Stopp, Bruno"]
[Black "Vlad, Mark"]
[Result "0-1"]
[Termination "normal"]
[Board "4"]
[WhiteElo "1519"]
[BlackElo "1686"]
[WhiteClock "00:48:22"]
[BlackClock "01:00:31"]
[PlyCount "56"]
[WhiteFideId "34640347"]
[BlackFideId "34663258"]
[EventCountry "GER"]
[EventRounds "9"]
[EventType "swiss"]
[EventDate "2025.06.07"]

1. e4 {[%clk 01:30:58]} {[%emt 00:00:02]} d5 {[%clk 01:30:44]} {[%emt
00:00:16]} 2. exd5 {[%clk 01:31:19]} {[%emt 00:00:09]} Nf6 {[%clk 01:31:05]}
{[%emt 00:00:08]} 3. Nf3 {[%clk 01:31:43]} {[%emt 00:00:07]} Nxd5 {[%clk
01:31:30]} {[%emt 00:00:05]} 4. d4 {[%clk 01:32:05]} {[%emt 00:00:08]} Bf5
{[%clk 01:31:45]} {[%emt 00:00:14]} 5. Nh4 {[%clk 01:32:25]} {[%emt 00:00:10]}
Bg6 {[%clk 01:30:39]} {[%emt 00:01:35]} 6. Nxg6 {[%clk 01:32:45]} {[%emt
00:00:10]} hxg6 {[%clk 01:31:05]} {[%emt 00:00:04]} 7. g3 {[%clk 01:33:07]}
{[%emt 00:00:09]} Qd7 {[%clk 01:30:52]} {[%emt 00:00:42]} 8. Bg2 {[%clk
01:33:07]} {[%emt 00:00:30]} c6 {[%clk 01:30:35]} {[%emt 00:00:47]} 9. O-O
{[%clk 01:33:22]} {[%emt 00:00:16]} Na6 {[%clk 01:30:21]} {[%emt 00:00:44]} 10.
c4 {[%clk 01:31:10]} {[%emt 00:02:42]} Nb6 {[%clk 01:29:41]} {[%emt 00:01:10]}
11. c5 {[%clk 01:31:30]} {[%emt 00:00:09]} Nd5 {[%clk 01:30:03]} {[%emt
00:00:08]} 12. Nc3 {[%clk 01:31:46]} {[%emt 00:00:14]} e6 {[%clk 01:29:52]}
{[%emt 00:00:41]} 13. Be3 {[%clk 01:31:24]} {[%emt 00:00:52]} O-O-O {[%clk
01:26:39]} {[%emt 00:03:43]} 14. a3 {[%clk 01:31:42]} {[%emt 00:00:12]} Be7
{[%clk 01:25:40]} {[%emt 00:01:29]} 15. Nxd5 {[%clk 01:30:25]} {[%emt
00:01:48]} exd5 {[%clk 01:25:47]} {[%emt 00:00:23]} 16. b4 {[%clk 01:30:47]}
{[%emt 00:00:09]} Nc7 {[%clk 01:24:46]} {[%emt 00:01:30]} 17. a4 {[%clk
01:30:10]} {[%emt 00:01:07]} Rh7 {[%clk 01:24:56]} {[%emt 00:00:20]} 18. Bf4
{[%clk 01:26:53]} {[%emt 00:03:46]} Rdh8 {[%clk 01:23:30]} {[%emt 00:01:56]}
19. h4 {[%clk 01:24:19]} {[%emt 00:03:05]} Bxh4 {[%clk 01:21:34]} {[%emt
00:02:26]} 20. gxh4 {[%clk 01:24:04]} {[%emt 00:00:44]} Rxh4 {[%clk 01:21:57]}
{[%emt 00:00:07]} 21. Qf3 {[%clk 01:24:04]} {[%emt 00:00:31]} Ne6 {[%clk
01:18:44]} {[%emt 00:03:44]} 22. Be3 {[%clk 01:19:43]} {[%emt 00:04:50]} f5
{[%clk 01:00:59]} {[%emt 00:18:16]} 23. Rfd1 {[%clk 01:07:14]} {[%emt
00:12:58]} f4 {[%clk 01:00:58]} {[%emt 00:00:31]} 24. Bc1 {[%clk 01:07:15]}
{[%emt 00:00:29]} Ng5 {[%clk 01:00:47]} {[%emt 00:00:41]} 25. Qd3 {[%clk
01:06:10]} {[%emt 00:01:35]} Qg4 {[%clk 01:00:28]} {[%emt 00:00:49]} 26. Qg3
{[%clk 00:48:06]} {[%emt 00:18:34]} Qxd1+ {[%clk 01:00:31]} {[%emt 00:04:49]}
27. Bf1 {[%clk 00:48:14]} {[%emt 00:00:20]} Rh1+ {[%emt 00:00:29]} 28. Kg2
{[%clk 00:48:22]} {[%emt 00:00:16]} Qxf1# {[%emt 00:00:10]} 0-1